000 00697nam a2200229 a 4500
001 72008
003 BD-RjUL
005 20211209082211.0
008 170511s1960 enka 000 0 eng d
035 _a(BD-RjUL)72224
040 _aIQU
_cIQU
_dUKM
_dEQO
_dBD-RjUL
_beng
041 _aeng
082 _223
_a546
_bSTS 1960
100 1 _aStock, John T.
_q(John Thomas),
_d1911-
_9207655
245 1 0 _aSmall-scale inorganic qualitative analysis /
_cby J.T. Stock and P. Heath.
250 _a4th ed.
260 _aLondon :
_bUniversity Tutorial Press,
_c1960
300 _a108 p. :
_bill. ;
_c19 cm.
650 0 _aChemistry, Inorganic
_9117207
700 1 _aHeath, P.
_q(Peter)
_9212986
942 _2ddc
_cBK
999 _c72008
_d72008